Statistiken für Länder in der Nähe von Luxemburg - Einminütiger Sprint

Klicken Sie hier um das Quiz zu spielen!

Allgemein

  • Dieses Quiz wurde 159 mal gespielt
  • Das Durchschnittsergebnis liegt bei 15 aus 20

Antwortstatistiken

kmLand% Korrekt
0Deutschland
100%
0Belgien
99%
0Frankreich
99%
64Niederlande
98%
227Schweiz
93%
321Österreich
91%
366Italien
89%
811Spanien
88%
555Dänemark
87%
401Tschechien
82%
337Vereinigtes Königreich
82%
602Polen
81%
338Liechtenstein
76%
641Monaco
70%
768Slowakei
52%
630Slowenien
52%
766San Marino
50%
732Schweden
49%
767Ungarn
44%
694Kroatien
31%

Verteilung der Resultate

Perzentil nach korrekt beantworteten Fragen

Anzahl Personen mit jedem Resultat

Ihre Resultats-Entwicklung

Sie haben dieses Quiz noch nicht gespielt